[Event "Zupanja op"]
[Site "Zupanja"]
[Date "2014.08.24"]
[Round "1"]
[White "Stevic, Hrvoje"]
[Black "Mrgan, Franjo"]
[Result "1-0"]
[WhiteElo "2606"]
[BlackElo "1826"]
[PlyCount "37"]
[EventDate "2014.08.24"]
[EventType "swiss"]
[EventRounds "9"]
[EventCountry "CRO"]
[SourceTitle "EXT 2016"]
[Source "ChessBase"]
[SourceDate "2015.10.08"]
[SourceVersion "1"]
[SourceVersionDate "2015.10.08"]
[SourceQuality "1"]

1. e4 Nf6 2. e5 Nd5 3. d4 d6 4. c4 Nb6 5. exd6 exd6 6. Nc3 d5 7. c5 N6d7 8. Nxd5 c6 9. Qe2+ Be7 10. Nxe7 Qxe7 11. Qxe7+ Kxe7 12. Bf4 Nf6 13. 0-0-0 Bf5 14. Bd6+ Kd7 15. Nf3 Ne4 16. Ne5+ Ke8 17. Bc4 Be6 18. Rhe1 Nxd6 19. cxd6 1-0

[Event "Osijek op"]
[Site "Osijek"]
[Date "2013.02.22"]
[Round "4.24"]
[White "Oreskovic, Pero"]
[Black "Mrgan, Franjo"]
[Result "0-1"]
[WhiteElo "2041"]
[BlackElo "1840"]
[PlyCount "107"]
[EventDate "2013.02.21"]
[EventType "swiss"]
[EventRounds "7"]
[EventCountry "CRO"]
[SourceTitle "EXT 2014"]
[Source "ChessBase"]
[SourceDate "2013.11.20"]
[SourceVersion "1"]
[SourceVersionDate "2013.11.20"]
[SourceQuality "1"]

1. c4 e5 2. Nc3 g6 3. g3 Bg7 4. Bg2 c6 5. e3 Ne7 6. Nge2 Na6 7. 0-0 0-0 8. d4 Nc7 9. d5 d6 10. dxc6 bxc6 11. e4 Ba6 12. b3 Bb7 13. Ba3 c5 14. Qd2 Ne6 15. f4 Nd4 16. Rad1 Re8 17. fxe5 Bxe5 18. Nd5 Nxd5 19. cxd5 Qb6 20. Nxd4 Bxd4+ 21. Kh1 a5 22. Bb2 Bxb2 23. Qxb2 Re5 24. Rf6 Qc7 25. Rdf1 Rf8 26. Qd2 Kg7 27. Qf4 Qe7 28. h4 Ba6 29. Rf2 Bd3 30. Kh2 h6 31. Kg1 Bxe4 32. Bxe4 Rxe4 33. Qxd6 Re1+ 34. Kh2 Qe4 35. R6f3 Qb1 36. Qf6+ Kg8 37. Kh3 Rh1+ 38. Rh2 Rxh2+ 39. Kxh2 Qxa2+ 40. Kh3 a4 41. d6 axb3 42. d7 Qa8 43. h5 b2 44. Rf1 Qd5 45. hxg6 Qxd7+ 46. Kh2 Qe6 47. Qxb2 Qxg6 48. Rf4 Re8 49. Kh3 Re4 50. Rf2 Re1 51. g4 Re3+ 52. Kh2 Qd6+ 53. Kg2 Rg3+ 54. Kh1 0-1

[Event "Osijek op"]
[Site "Osijek"]
[Date "2013.02.21"]
[Round "1.19"]
[White "Mrgan, Franjo"]
[Black "Tarakcija, Hazim"]
[Result "0-1"]
[WhiteElo "1840"]
[BlackElo "2172"]
[PlyCount "70"]
[EventDate "2013.02.21"]
[EventType "swiss"]
[EventRounds "7"]
[EventCountry "CRO"]
[SourceTitle "EXT 2014"]
[Source "ChessBase"]
[SourceDate "2013.11.20"]
[SourceVersion "1"]
[SourceVersionDate "2013.11.20"]
[SourceQuality "1"]

1. e4 c5 2. Nc3 e6 3. d3 d5 4. g3 Nc6 5. Bg2 d4 6. Nce2 e5 7. Nf3 Nf6 8. Bg5 Be7 9. 0-0 Be6 10. h3 Rc8 11. c4 dxc3 12. bxc3 Qd7 13. Kh2 Rd8 14. Ne1 c4 15. Nc1 cxd3 16. Bd2 Bc4 17. f4 h5 18. Bf3 h4 19. f5 hxg3+ 20. Kxg3 g6 21. Kh2 gxf5 22. exf5 e4 23. Bg2 Bd6+ 24. Kg1 Bc5+ 25. Kh1 e3 26. Nb3 Bb6 27. Bxe3 Bxe3 28. Qf3 Bb6 29. Nd2 Bd5 30. Qg3 Qd6 31. Qxd6 Rxd6 32. Bxd5 Rxd5 33. Rf3 Ne5 34. Rg3 Bf2 35. Rg2 Rxh3+ 0-1

[Event "Zupanja op 6th"]
[Site "Zupanja"]
[Date "2012.08.19"]
[Round "8"]
[White "Lazor, Vladimir"]
[Black "Mrgan, Franjo"]
[Result "1-0"]
[WhiteElo "2203"]
[BlackElo "1842"]
[PlyCount "42"]
[EventDate "2012.08.17"]
[EventType "swiss"]
[EventRounds "9"]
[EventCountry "CRO"]
[SourceTitle "EXT 2014"]
[Source "ChessBase"]
[SourceDate "2013.11.20"]
[SourceVersion "1"]
[SourceVersionDate "2013.11.20"]
[SourceQuality "1"]

1. e4 Nf6 2. e5 Nd5 3. d4 d6 4. c4 Nb6 5. f4 Bf5 6. Nc3 e6 7. Nf3 Be7 8. Be3 0-0 9. Bd3 Bxd3 10. Qxd3 dxe5 11. fxe5 Nc6 12. 0-0 Nb4 13. Qe2 a5 14. Rad1 c6 15. a3 Na6 16. Ne4 Kh8 17. Nfg5 Qe8 18. Qh5 h6 19. Nf6 Bxf6 20. Rxf6 Kg8 21. Rxh6 Nb8 1-0

[Event "Bosnjaci op 17th"]
[Site "Bosnjaci"]
[Date "2012.01.03"]
[Round "1"]
[White "Biti, Ozren"]
[Black "Mrgan, Franjo"]
[Result "1-0"]
[WhiteElo "2406"]
[BlackElo "1882"]
[PlyCount "53"]
[EventDate "2012.01.03"]
[EventType "swiss"]
[EventRounds "9"]
[EventCountry "CRO"]
[SourceTitle "CBM 146 Extra"]
[Source "ChessBase"]
[SourceDate "2012.02.29"]
[SourceVersion "1"]
[SourceVersionDate "2012.02.29"]
[SourceQuality "1"]

1. e4 Nf6 2. e5 Nd5 3. d4 d6 4. c4 Nb6 5. exd6 cxd6 6. d5 Bf5 7. Nc3 N8d7 8. Nf3 h6 9. Nd4 Bh7 10. Be3 Qc8 11. b3 Nf6 12. Be2 Nbd7 13. 0-0 a6 14. Rc1 Ne5 15. h3 g5 16. Na4 Ned7 17. Ne6 Bg6 18. c5 fxe6 19. cxd6 Qb8 20. dxe6 Qxd6 21. exd7+ Qxd7 22. Nb6 Qxd1 23. Rfxd1 Rb8 24. Rc7 Be4 25. Bd4 Kf7 26. Bxf6 Kxf6 27. Nd7+ 1-0

[Event "Borovo op"]
[Site "Borovo"]
[Date "2010.01.05"]
[Round "7"]
[White "Ostojic, Nikola"]
[Black "Mrgan, Franjo"]
[Result "1-0"]
[WhiteElo "2448"]
[BlackElo "1890"]
[PlyCount "48"]
[EventDate "2010.01.02"]
[EventType "swiss"]
[EventRounds "9"]
[EventCountry "CRO"]
[SourceTitle "CBM 134 Extra"]
[Source "ChessBase"]
[SourceDate "2010.03.03"]
[SourceVersion "1"]
[SourceVersionDate "2010.03.03"]
[SourceQuality "1"]

1. d4 Nf6 2. c4 g6 3. Nc3 Bg7 4. e4 d6 5. f3 0-0 6. Be3 Nh5 7. g4 Nf6 8. Nge2 c6 9. Ng3 e5 10. d5 Na6 11. Be2 cxd5 12. cxd5 b6 13. h4 Nc5 14. Qd2 a5 15. h5 a4 16. 0-0-0 Ba6 17. Kb1 Bxe2 18. Qxe2 Nfd7 19. Qh2 g5 20. Nf5 f6 21. h6 Bh8 22. Nxd6 Qe7 23. Nf5 Qf7 24. Nb5 Nb7 1-0

[Event "Borovo op"]
[Site "Borovo"]
[Date "2010.01.04"]
[Round "5"]
[White "Petrovic, David"]
[Black "Mrgan, Franjo"]
[Result "0-1"]
[WhiteElo "1731"]
[BlackElo "1890"]
[PlyCount "71"]
[EventDate "2010.01.02"]
[EventType "swiss"]
[EventRounds "9"]
[EventCountry "CRO"]
[SourceTitle "CBM 134 Extra"]
[Source "ChessBase"]
[SourceDate "2010.03.03"]
[SourceVersion "1"]
[SourceVersionDate "2010.03.03"]
[SourceQuality "1"]

1. e4 e5 2. Nf3 Nf6 3. Nxe5 d6 4. Nf3 Nxe4 5. d4 d5 6. Bd3 Bd6 7. 0-0 0-0 8. Re1 Bf5 9. Nbd2 Re8 10. Nf1 Nd7 11. Ng3 Bg6 12. c3 c6 13. Qc2 Ndf6 14. Bg5 Nxg5 15. Nxg5 Rxe1+ 16. Rxe1 Bxd3 17. Qxd3 h6 18. Nf3 g6 19. Kf1 Qa5 20. Qd2 Kg7 21. a3 Re8 22. Rxe8 Nxe8 23. Qe2 Nf6 24. Ne5 c5 25. dxc5 Qxc5 26. Nf3 a6 27. Qd3 Qb6 28. Qe2 Qb3 29. Kg1 Qa2 30. Ne1 Qb1 31. Kf1 h5 32. h3 h4 33. Nh1 Bf4 34. a4 Qa1 35. Qc2 Ne4 36. f3 0-1

[Event "Treber Memorial 5th"]
[Site "Vinkovci"]
[Date "2008.09.07"]
[Round "4"]
[White "Kurecic, Mladen"]
[Black "Mrgan, Franjo"]
[Result "0-1"]
[WhiteElo "1975"]
[BlackElo "1940"]
[PlyCount "69"]
[EventDate "2008.09.05"]
[EventType "swiss"]
[EventRounds "9"]
[EventCountry "CRO"]
[SourceTitle "CBM 126 Extra"]
[Source "ChessBase"]
[SourceDate "2008.11.05"]
[SourceVersion "1"]
[SourceVersionDate "2008.11.05"]
[SourceQuality "1"]

1. d4 Nf6 2. c4 g6 3. Nc3 d5 4. cxd5 Nxd5 5. Bd2 Nc6 6. e4 Nxc3 7. Bxc3 Bg7 8. d5 Bxc3+ 9. bxc3 Ne5 10. Qd4 f6 11. f4 Nf7 12. Bb5+ Bd7 13. Bc4 0-0 14. Nf3 b5 15. Bb3 a5 16. a3 Ra6 17. 0-0 Qa8 18. e5 Bg4 19. a4 bxa4 20. Bc4 Rb6 21. Rxa4 Bxf3 22. Rxf3 Kg7 23. Qc5 Qd8 24. exf6+ exf6 25. Rxa5 Nd6 26. Ra7 Rf7 27. Bd3 Rb2 28. Re3 Qb8 29. Ra6 Rd2 30. Ra1 Qb2 31. Ree1 Rxd3 32. Qf2 Qxc3 33. Rad1 Rxd1 34. Rxd1 Re7 35. h4 0-1

[Event "Bizovac Metalis op 15th"]
[Site "Bizovac"]
[Date "2008.02.21"]
[Round "1"]
[White "Runic, Zoran"]
[Black "Mrgan, Franjo"]
[Result "1-0"]
[WhiteElo "2452"]
[BlackElo "1993"]
[PlyCount "87"]
[EventDate "2008.02.21"]
[EventType "swiss"]
[EventRounds "7"]
[EventCountry "CRO"]
[SourceTitle "CBM 122 Extra"]
[Source "ChessBase"]
[SourceDate "2008.03.04"]
[SourceVersion "1"]
[SourceVersionDate "2008.03.04"]
[SourceQuality "1"]

1. e4 Nf6 2. e5 Nd5 3. d4 d6 4. Nf3 Bg4 5. Be2 e6 6. 0-0 Be7 7. c4 Nb6 8. Nc3 0-0 9. h3 Bh5 10. exd6 cxd6 11. Be3 Bf6 12. Qb3 Nc6 13. c5 dxc5 14. dxc5 Na5 15. Qb5 Nd5 16. Nxd5 exd5 17. Rad1 a6 18. Qb4 Re8 19. b3 Rb8 20. Qd2 Nc6 21. Qxd5 Bg6 22. Qxd8 Rbxd8 23. Bc4 h6 24. Bf4 Bc2 25. Rd6 Be7 26. Rxd8 Rxd8 27. Rc1 Rd1+ 28. Rxd1 Bxd1 29. Be3 Kf8 30. Bd5 Bxf3 31. Bxf3 Nd8 32. Kf1 Ke8 33. Ke2 Kd7 34. Kd3 g5 35. Kc4 Kc7 36. b4 Ne6 37. a4 f5 38. Bd5 Ng7 39. Bd4 Bf8 40. Be5+ Kc8 41. b5 g4 42. Bxb7+ Kxb7 43. c6+ Kb6 44. a5+ 1-0

[Event "Treber Memorial 4th"]
[Site "Vinkovci"]
[Date "2007.03.06"]
[Round "7.9"]
[White "Mrgan, Franjo"]
[Black "Lalic, Kristijan"]
[Result "0-1"]
[WhiteElo "2008"]
[BlackElo "2208"]
[PlyCount "96"]
[EventDate "2007.03.02"]
[EventType "swiss"]
[EventRounds "7"]
[EventCountry "CRO"]
[SourceTitle "CBM 117 Extra"]
[Source "ChessBase"]
[SourceDate "2007.05.09"]
[SourceVersion "1"]
[SourceVersionDate "2007.05.09"]
[SourceQuality "1"]

1. e4 c5 2. c3 d5 3. exd5 Qxd5 4. Nf3 Nf6 5. Bb5+ Nc6 6. d4 Bg4 7. Be2 e6 8. 0-0 Be7 9. h3 Bh5 10. c4 Qd8 11. dxc5 Bxc5 12. Nc3 h6 13. a3 a5 14. Bf4 0-0 15. g4 Bg6 16. Ne5 Nxe5 17. Qxd8 Raxd8 18. Bxe5 Rd2 19. Bf3 Bd3 20. Rad1 Rxd1 21. Rxd1 Bxc4 22. Bxb7 Bb3 23. Rd2 Nh7 24. Ne4 Bb6 25. h4 f6 26. Bc3 Rb8 27. Bc6 Nf8 28. Kg2 Rc8 29. Bb5 Bd5 30. f3 Ng6 31. h5 Nf4+ 32. Kf1 Be3 33. Rh2 e5 34. Be2 a4 35. Nd6 Rc7 36. Nf5 Bb6 37. Nh4 Bd4 38. Nf5 Bxc3 39. bxc3 Rxc3 40. Ne7+ Kf7 41. Nxd5 Nxd5 42. Rf2 Nf4 43. Bd1 Rxa3 44. Rd2 Ke6 45. Bc2 Rxf3+ 46. Rf2 Rxf2+ 47. Kxf2 a3 48. Bb3+ Kd6 0-1

[Event "Treber Memorial 4th"]
[Site "Vinkovci"]
[Date "2007.03.03"]
[Round "3.6"]
[White "Hodak, Stevo"]
[Black "Mrgan, Franjo"]
[Result "1-0"]
[WhiteElo "2218"]
[BlackElo "2008"]
[PlyCount "45"]
[EventDate "2007.03.02"]
[EventType "swiss"]
[EventRounds "7"]
[EventCountry "CRO"]
[SourceTitle "CBM 117 Extra"]
[Source "ChessBase"]
[SourceDate "2007.05.09"]
[SourceVersion "1"]
[SourceVersionDate "2007.05.09"]
[SourceQuality "1"]

1. e4 Nf6 2. Nc3 d5 3. exd5 Nxd5 4. Nxd5 Qxd5 5. d4 Nc6 6. Be3 Bf5 7. Nf3 e6 8. Be2 Be7 9. 0-0 0-0 10. c3 Bf6 11. Qb3 Qxb3 12. axb3 a6 13. Bf4 Rac8 14. b4 h6 15. b5 axb5 16. Bxb5 Nb8 17. Rfe1 c6 18. Bf1 g5 19. Bd6 Rfe8 20. Ra7 b5 21. Rea1 Red8 22. Bc7 Rd7 23. Bxb8 1-0

[Event "Zupanja op-B 13th"]
[Site "Zupanja"]
[Date "2007.01.04"]
[Round "2"]
[White "Plenca, Julian"]
[Black "Mrgan, Franjo"]
[Result "1-0"]
[WhiteElo "2173"]
[BlackElo "2008"]
[PlyCount "59"]
[EventDate "2007.01.03"]
[EventType "swiss"]
[EventRounds "9"]
[EventCountry "CRO"]
[SourceTitle "CBM 116 Extra"]
[Source "ChessBase"]
[SourceDate "2007.03.07"]
[SourceVersion "1"]
[SourceVersionDate "2007.03.07"]
[SourceQuality "1"]

1. e4 Nf6 2. e5 Nd5 3. Nc3 Nb6 4. d4 d6 5. f4 dxe5 6. fxe5 Nc6 7. Bb5 e6 8. Nf3 Bd7 9. 0-0 a6 10. Bd3 Be7 11. Ne4 Nb4 12. Nfg5 Bc6 13. c3 Nxd3 14. Qxd3 Bxe4 15. Nxe4 c5 16. Qf3 0-0 17. dxc5 Nd7 18. Qg3 Bh4 19. Qf4 Be7 20. b4 a5 21. Nd6 Bxd6 22. exd6 axb4 23. cxb4 Ra4 24. Bb2 f6 25. Qc4 Kh8 26. Qb3 Qa8 27. a3 e5 28. Rac1 Rc8 29. Qf7 Nxc5 30. Rxc5 1-0

[Event "Treber Memorial 3rd"]
[Site "Vinkovci"]
[Date "2006.05.22"]
[Round "1.6"]
[White "Majeric, Zoran"]
[Black "Mrgan, Franjo"]
[Result "1-0"]
[WhiteElo "2296"]
[BlackElo "2008"]
[PlyCount "85"]
[EventDate "2006.05.22"]
[EventType "swiss"]
[EventRounds "7"]
[EventCountry "CRO"]
[SourceTitle "CBM 112 Extra"]
[Source "ChessBase"]
[SourceDate "2006.07.14"]
[SourceVersion "1"]
[SourceVersionDate "2006.07.14"]
[SourceQuality "1"]

1. e4 Nf6 2. e5 Nd5 3. d4 d6 4. Nf3 Bf5 5. Bd3 Bxd3 6. Qxd3 dxe5 7. Nxe5 e6 8. Qb5+ Nd7 9. Nxd7 Qxd7 10. Qxb7 Nb6 11. 0-0 Bd6 12. c4 c5 13. Qxd7+ Nxd7 14. Be3 0-0 15. Rd1 cxd4 16. Bxd4 Rfc8 17. Bc3 Rc6 18. b4 a6 19. c5 Nxc5 20. bxc5 Bxc5 21. Be1 Rac8 22. Nd2 Bd4 23. Rab1 h6 24. Nb3 Be5 25. Rbc1 g5 26. Rxc6 Rxc6 27. Rc1 Rb6 28. h3 Kh7 29. Kf1 Kg6 30. Ke2 h5 31. Bd2 f5 32. Ba5 Rb7 33. Rc6 Kf7 34. Rxa6 g4 35. hxg4 hxg4 36. Rxe6 Rxb3 37. Rxe5 Rb2+ 38. Bd2 Kf6 39. Ra5 f4 40. a4 f3+ 41. gxf3 gxf3+ 42. Kd3 Ra2 43. Ra8 1-0